[Event "SRB-chT quality"]
[Site "Belgrade"]
[Date "2010.10.16"]
[Round "3"]
[White "Jovanovic, Milos"]
[Black "Nenezic, Marko"]
[Result "1/2-1/2"]
[WhiteElo "2235"]
[BlackElo "2165"]
[PlyCount "138"]
[EventDate "2010.10.09"]
[EventType "team-tourn"]
[EventRounds "11"]
[EventCountry "YUG"]
[SourceTitle "EXT 2011"]
[Source "ChessBase"]
[SourceDate "2010.11.26"]
[SourceVersion "1"]
[SourceVersionDate "2010.11.26"]
[SourceQuality "1"]

1. Nf3 Nf6 2. Nc3 c5 3. e4 d6 4. Bb5+ Bd7 5. Qe2 a6 6. Bxd7+ Nbxd7 7. e5 dxe5 8. Nxe5 Nxe5 9. Qxe5 e6 10. d3 Bd6 11. Qe2 0-0 12. Bg5 Be7 13. 0-0 b5 14. Rad1 Nd5 15. Bxe7 Nxc3 16. bxc3 Qxe7 17. f4 Qd7 18. Qh5 c4 19. dxc4 bxc4 20. f5 exf5 21. Qxf5 Qa7+ 22. Qf2 Qxf2+ 23. Kxf2 Rab8 24. Rb1 Rb5 25. Rxb5 axb5 26. Rb1 Ra8 27. Rxb5 Kf8 28. Rb2 Ke7 29. Ke3 Kd6 30. Kd4 Ra4 31. g4 h6 32. h4 g6 33. h5 gxh5 34. Rb6+ Kc7 35. Rxh6 hxg4 36. Rf6 Rxa2 37. Rxf7+ Kc6 38. Rf2 g3 39. Rg2 Kb5 40. Rxg3 Rxc2 41. Rg5+ Kc6 42. Kxc4 Rh2 43. Rg6+ Kc7 44. Kb4 Rh4+ 45. c4 Rh5 46. Re6 Rg5 47. Kc3 Kd7 48. Ra6 Kc7 49. Kb4 Rh5 50. Ra7+ Kb6 51. Rg7 Kc6 52. Rg6+ Kc7 53. Rg4 Kc6 54. Re4 Rg5 55. Rh4 Rf5 56. c5 Rf1 57. Rh6+ Kc7 58. Rh7+ Kc6 59. Rh6+ Kc7 60. Rh3 Kc6 61. Rh6+ Kc7 62. Rd6 Rb1+ 63. Kc4 Rc1+ 64. Kd5 Rd1+ 65. Ke6 Re1+ 66. Kf6 Rc1 67. Rd5 Kc6 68. Rf5 Rxc5 69. Rxc5+ Kxc5 1/2-1/2

[Event "SRB-chT Cup"]
[Site "Kragujevac"]
[Date "2010.05.22"]
[Round "5"]
[White "Jovanovic, Milos"]
[Black "Dobrijevic, Milan"]
[Result "0-1"]
[WhiteElo "2249"]
[BlackElo "2179"]
[PlyCount "116"]
[EventDate "2010.05.18"]
[EventType "team-tourn"]
[EventRounds "7"]
[EventCountry "YUG"]
[SourceTitle "CBM 136 Extra"]
[Source "ChessBase"]
[SourceDate "2010.07.02"]
[SourceVersion "2"]
[SourceVersionDate "2010.07.15"]
[SourceQuality "1"]

1. e4 c5 2. c3 Qa5 3. Nf3 d6 4. Bc4 Nf6 5. e5 dxe5 6. Nxe5 e6 7. 0-0 Nbd7 8. Qe2 Nxe5 9. Qxe5 b5 10. b4 Qb6 11. bxc5 Bxc5 12. Be2 a6 13. a4 bxa4 14. Ba3 Bxa3 15. Nxa3 0-0 16. Rfb1 Qd8 17. d4 Bd7 18. c4 Bc6 19. Nc2 Be4 20. Rc1 Rb8 21. Bf3 Bxf3 22. gxf3 Nd7 23. Qe4 Rb2 24. Ne3 Qa5 25. Rc2 Nf6 26. Qc6 Rxc2 27. Nxc2 Qc3 28. Qxa4 Qxf3 29. Qa3 Qe2 30. Ne3 Ne4 31. Ra2 Qf3 32. c5 Rb8 33. Rb2 Rxb2 34. Qxb2 Qf4 35. c6 Kf8 36. Qc2 Nd6 37. Qc5 Ke8 38. Qa7 Qg5+ 39. Kf1 Qb5+ 40. Kg1 Qxc6 41. d5 exd5 42. Qd4 f6 43. Nxd5 Kf7 44. Qa7+ Qb7 45. Qd4 Qb1+ 46. Kg2 Qe4+ 47. Qxe4 Nxe4 48. Kf3 Nc5 49. Ke3 Ke6 50. Kd4 Nb3+ 51. Kc4 Nd2+ 52. Kd4 Nf3+ 53. Kc4 Nxh2 54. Nc7+ Kf5 55. Nxa6 Ng4 56. Kd3 Nxf2+ 57. Ke2 Ne4 58. Kf3 g5 0-1

[Event "SRB-chT Cup"]
[Site "Kragujevac"]
[Date "2010.05.21"]
[Round "4"]
[White "Damjanovic, Dragan"]
[Black "Jovanovic, Milos"]
[Result "1-0"]
[WhiteElo "2276"]
[BlackElo "2249"]
[PlyCount "125"]
[EventDate "2010.05.18"]
[EventType "team-tourn"]
[EventRounds "7"]
[EventCountry "YUG"]
[SourceTitle "CBM 136 Extra"]
[Source "ChessBase"]
[SourceDate "2010.07.02"]
[SourceVersion "2"]
[SourceVersionDate "2010.07.15"]
[SourceQuality "1"]

1. d4 Nf6 2. c4 g6 3. Nc3 d5 4. Nf3 Bg7 5. cxd5 Nxd5 6. e4 Nxc3 7. bxc3 0-0 8. Be2 b6 9. 0-0 Bb7 10. Qd3 c5 11. Rb1 Ba6 12. Qe3 Bxe2 13. Qxe2 Qc8 14. Be3 Qa6 15. Qd2 Rd8 16. d5 Qc4 17. Qc2 Qxc3 18. Qa4 Qd3 19. Rfd1 Qa6 20. Qc2 Nd7 21. Rd2 b5 22. h4 b4 23. Bg5 Qd6 24. g3 Ne5 25. Nxe5 Bxe5 26. Be3 Rdc8 27. f4 Bc3 28. e5 Qd7 29. Rdd1 Qh3 30. Qf2 a5 31. d6 exd6 32. exd6 c4 33. Bb6 Rc6 34. d7 Rxb6 35. d8Q+ Rxd8 36. Rxd8+ Kg7 37. Qxb6 Qxg3+ 38. Kf1 Qf3+ 39. Qf2 Qh1+ 40. Qg1 Qf3+ 41. Qf2 Qh1+ 42. Qg1 Qxh4 43. Rbd1 a4 44. R8d4 Qh5 45. Qe3 Qh1+ 46. Ke2 Qh5+ 47. Qf3 Qh2+ 48. Qf2 Qh5+ 49. Ke3 a3 50. Qf1 Bxd4+ 51. Kxd4 b3 52. Kxc4 b2 53. Kb3 Qc5 54. Qd3 h5 55. Qc3+ Qxc3+ 56. Kxc3 f6 57. Kb3 g5 58. Kxa3 g4 59. Kxb2 h4 60. a4 g3 61. Rg1 Kg6 62. a5 f5 63. a6 1-0

[Event "SRB-chT Cup"]
[Site "Kragujevac"]
[Date "2010.05.20"]
[Round "3"]
[White "Adzic, Momcilo"]
[Black "Jovanovic, Milos"]
[Result "1/2-1/2"]
[WhiteElo "2269"]
[BlackElo "2249"]
[PlyCount "77"]
[EventDate "2010.05.18"]
[EventType "team-tourn"]
[EventRounds "7"]
[EventCountry "YUG"]
[SourceTitle "CBM 136 Extra"]
[Source "ChessBase"]
[SourceDate "2010.07.02"]
[SourceVersion "2"]
[SourceVersionDate "2010.07.15"]
[SourceQuality "1"]

1. e4 c5 2. Nf3 Nf6 3. Nc3 Nc6 4. d4 d5 5. exd5 Nxd5 6. Nxd5 Qxd5 7. dxc5 Qxd1+ 8. Kxd1 e5 9. Bb5 Bg4 10. Bxc6+ bxc6 11. b4 e4 12. h3 0-0-0+ 13. Ke1 exf3 14. hxg4 fxg2 15. Rg1 Rd4 16. c3 Rxg4 17. Be3 Be7 18. Ke2 Bf6 19. Rac1 h5 20. Kf3 Rd8 21. Rxg2 Rxg2 22. Kxg2 Rd3 23. c4 Rc3 24. Rxc3 Bxc3 25. b5 f5 26. a4 Bf6 27. f4 Bc3 28. Kh3 g6 29. Kh4 Bf6+ 30. Kg3 Bc3 31. Kf2 Kb7 32. Kg3 Be1+ 33. Kf3 Bh4 34. Ke2 Kc8 35. Kf3 Kd7 36. Ke2 Bd8 37. Kf3 Ba5 38. Ke2 Kc8 39. Kf3 1/2-1/2

[Event "SRB-chT Cup"]
[Site "Kragujevac"]
[Date "2010.05.18"]
[Round "1"]
[White "Lazic, Miroljub"]
[Black "Jovanovic, Milos"]
[Result "1-0"]
[WhiteElo "2494"]
[BlackElo "2249"]
[PlyCount "56"]
[EventDate "2010.05.18"]
[EventType "team-tourn"]
[EventRounds "7"]
[EventCountry "YUG"]
[SourceTitle "CBM 136 Extra"]
[Source "ChessBase"]
[SourceDate "2010.07.02"]
[SourceVersion "2"]
[SourceVersionDate "2010.07.15"]
[SourceQuality "1"]

1. g3 g6 2. Bg2 Bg7 3. e4 c5 4. Nc3 Nc6 5. a3 Nf6 6. f4 0-0 7. Nf3 d5 8. e5 Ne8 9. d4 cxd4 10. Nxd4 Nc7 11. Be3 f6 12. exf6 Bxf6 13. 0-0 e5 14. fxe5 Nxe5 15. Bh6 Re8 16. Qd2 Bg7 17. Bxg7 Kxg7 18. Rae1 Nc4 19. Qf4 Rf8 20. Qxf8+ Qxf8 21. Rxf8 Kxf8 22. Nxd5 Nxd5 23. Bxd5 Nxb2 24. Rf1+ Ke8 25. Rf7 h5 26. Nb5 Kd8 27. Nd6 Na4 28. Bxb7 Bxb7 1-0

[Event "Vojvodina-chT"]
[Site "Sombor"]
[Date "2008.10.07"]
[Round "10"]
[White "Bogic, Stevan"]
[Black "Jovanovic, Milos"]
[Result "1-0"]
[WhiteElo "2259"]
[BlackElo "2257"]
[PlyCount "83"]
[EventDate "2008.10.01"]
[EventType "team-tourn"]
[EventRounds "11"]
[EventCountry "YUG"]
[SourceTitle "EXT 2010"]
[Source "ChessBase"]
[SourceDate "2010.11.25"]
[SourceVersion "1"]
[SourceVersionDate "2010.11.25"]
[SourceQuality "1"]

1. d4 Nf6 2. c4 g6 3. Nc3 d5 4. Bf4 Bg7 5. e3 0-0 6. cxd5 Nxd5 7. Nxd5 Qxd5 8. Bxc7 Nc6 9. Ne2 Bg4 10. f3 Bxf3 11. gxf3 Qxf3 12. Rg1 Rac8 13. Bg2 Qf5 14. Bxc6 Rxc7 15. Ba4 e5 16. Rc1 Rxc1 17. Nxc1 exd4 18. exd4 Rd8 19. Bc2 Qh3 20. Qe2 Bxd4 21. Rg3 Qc8 22. Kf1 Re8 23. Qd3 Bxb2 24. Ne2 Be5 25. Rf3 Kg7 26. Bb3 Re7 27. h3 a6 28. Kg2 b5 29. Nf4 Qc1 30. Ne2 Qb2 31. Rf2 Qa3 32. Qd5 f6 33. Qg8+ Kh6 34. Qf8+ Kh5 35. Bd1 Qe3 36. Nf4+ Kg5 37. h4+ Kf5 38. Nd5+ Qxf2+ 39. Kxf2 Bd4+ 40. Kf1 Re6 41. Bb3 Kg4 42. Qc8 1-0

[Event "Vojvodina-chT"]
[Site "Sombor"]
[Date "2008.10.06"]
[Round "9"]
[White "Jovanovic, Milos"]
[Black "Dimitrijevic, Nenad"]
[Result "1-0"]
[WhiteElo "2257"]
[BlackElo "2151"]
[PlyCount "117"]
[EventDate "2008.10.01"]
[EventType "team-tourn"]
[EventRounds "11"]
[EventCountry "YUG"]
[SourceTitle "EXT 2010"]
[Source "ChessBase"]
[SourceDate "2010.11.25"]
[SourceVersion "1"]
[SourceVersionDate "2010.11.25"]
[SourceQuality "1"]

1. e4 c5 2. Nf3 e6 3. d4 cxd4 4. c3 d3 5. Bxd3 d6 6. 0-0 Nf6 7. c4 Be7 8. Nc3 a6 9. b3 Nbd7 10. Bb2 0-0 11. Qd2 Qc7 12. Rac1 b6 13. Bb1 Bb7 14. Rfd1 Rad8 15. Qf4 Ne5 16. h3 Ng6 17. Qe3 Rfe8 18. Na4 Nd7 19. Bd4 Nc5 20. Nc3 e5 21. Bxc5 dxc5 22. Nd5 Bxd5 23. exd5 Bd6 24. Qe4 Rf8 25. Nh4 Qe7 26. Nf5 Qg5 27. Re1 Rfe8 28. Rc3 Qf4 29. Rg3 Qxe4 30. Rxe4 Bf8 31. Reg4 Kh8 32. Kf1 h5 33. Rg5 e4 34. Rxh5+ Kg8 35. Rg4 b5 36. Bxe4 bxc4 37. bxc4 Rb8 38. g3 Rb2 39. d6 Rxa2 40. Rxg6 Rxe4 41. Rg4 Rxg4 42. hxg4 f6 43. Ke1 Kf7 44. d7 Ra1+ 45. Ke2 Ra2+ 46. Ke3 Ra3+ 47. Ke4 Be7 48. Rh8 Ke6 49. d8Q Bxd8 50. Rxd8 g6 51. Rd6+ Kf7 52. Ne3 Ra2 53. f4 a5 54. Rc6 a4 55. Rxc5 a3 56. Ra5 Ra1 57. Nc2 Rc1 58. Ra7+ Ke6 59. Nxa3 1-0

[Event "Vojvodina-chT"]
[Site "Sombor"]
[Date "2008.10.04"]
[Round "5"]
[White "Jovanovic, Milos"]
[Black "Zivkovic, Negosim"]
[Result "1/2-1/2"]
[WhiteElo "2257"]
[BlackElo "2237"]
[PlyCount "98"]
[EventDate "2008.10.01"]
[EventType "team-tourn"]
[EventRounds "11"]
[EventCountry "YUG"]
[SourceTitle "EXT 2010"]
[Source "ChessBase"]
[SourceDate "2010.11.25"]
[SourceVersion "1"]
[SourceVersionDate "2010.11.25"]
[SourceQuality "1"]

1. e4 c6 2. Nf3 d6 3. d4 Na6 4. Nc3 Nc7 5. h3 g6 6. Bc4 Bg7 7. 0-0 Nf6 8. e5 dxe5 9. dxe5 Qxd1 10. Rxd1 Nd7 11. Bf4 Nb6 12. Bb3 Be6 13. Ng5 Bxb3 14. axb3 Ncd5 15. Nxd5 Nxd5 16. Bg3 h6 17. Ne4 a6 18. c4 Nc7 19. Nc5 b6 20. Nd7 Nd5 21. cxd5 Kxd7 22. dxc6+ Kxc6 23. Rac1+ Kb5 24. Rc7 Rhe8 25. f4 Rac8 26. Rb7 Rb8 27. Rxb8 Rxb8 28. Rd7 Bf8 29. e6 f5 30. Be1 Rc8 31. Bc3 h5 32. g3 Re8 33. Kf2 a5 34. g4 hxg4 35. hxg4 fxg4 36. Kg3 Bh6 37. Kxg4 Kc6 38. Be5 b5 39. Ra7 Kc5 40. Rxa5 Kd5 41. Rxb5+ Kxe6 42. b4 Kf7 43. Rb8 Rxb8 44. Bxb8 Ke6 45. b5 Kd7 46. Be5 e6 47. b4 Kc8 48. Bd4 Kb7 49. Be3 e5 1/2-1/2

[Event "SRB-chT Cup"]
[Site "Zlatibor"]
[Date "2008.06.21"]
[Round "6.8"]
[White "Jovanovic, Milos"]
[Black "Stankovic, Tomislav"]
[Result "1-0"]
[WhiteElo "2254"]
[BlackElo "2118"]
[PlyCount "87"]
[EventDate "2008.06.16"]
[EventType "team"]
[EventRounds "9"]
[EventCountry "YUG"]
[SourceTitle "CBM 125 Extra"]
[Source "ChessBase"]
[SourceDate "2008.09.01"]
[SourceVersion "1"]
[SourceVersionDate "2008.09.01"]
[SourceQuality "1"]

1. e4 c5 2. Nf3 d6 3. d4 cxd4 4. Nxd4 Nf6 5. Nc3 e5 6. Nb3 a6 7. Bg5 h6 8. Bxf6 Qxf6 9. Nd5 Qd8 10. f4 exf4 11. Qf3 Nc6 12. Qxf4 Be6 13. 0-0-0 Bxd5 14. exd5 Ne5 15. h4 Be7 16. Kb1 0-0 17. Nd4 Ng6 18. Qg4 Bf6 19. h5 Ne5 20. Qf5 Qc8 21. Bd3 Qxf5 22. Nxf5 Rad8 23. Rh3 Rfe8 24. a4 Kf8 25. Bf1 Ng4 26. Rb3 Rd7 27. Rf3 Be5 28. g3 Rc7 29. Bh3 Nf6 30. g4 Rec8 31. Rb3 Rd8 32. Rb6 Nd7 33. Rb4 Nc5 34. a5 Bf6 35. Re1 Be5 36. Re3 Kg8 37. Bf1 Kh7 38. Rc4 Rdc8 39. Rxe5 dxe5 40. d6 Rd7 41. b4 Ne4 42. Rxc8 Nd2+ 43. Kc1 Nxf1 44. Rc7 1-0

[Event "Serbia-ch"]
[Site "Vrnjacka Banja"]
[Date "2006.02.04"]
[Round "8"]
[White "Jovanovic, Milos"]
[Black "Certic, Branimir"]
[Result "1-0"]
[WhiteElo "2239"]
[BlackElo "2405"]
[PlyCount "125"]
[EventDate "2006.01.30"]
[EventType "swiss"]
[EventRounds "9"]
[EventCountry "YUG"]
[SourceTitle "CBM 110 Extra"]
[Source "ChessBase"]
[SourceDate "2006.03.10"]
[SourceVersion "2"]
[SourceVersionDate "2006.03.10"]
[SourceQuality "1"]

1. e4 d6 2. d4 g6 3. h4 Nf6 4. Nc3 h6 5. Be2 Nc6 6. h5 g5 7. f4 gxf4 8. Bxf4 e5 9. dxe5 dxe5 10. Qxd8+ Kxd8 11. 0-0-0+ Bd6 12. Bg3 Ke8 13. Bh4 Nh7 14. Nb5 Be6 15. Nxd6+ cxd6 16. Rxd6 Ng5 17. Bb5 Ke7 18. Rd2 Nd4 19. Ba4 Bg4 20. Nf3 Bxf3 21. gxf3 Rad8 22. Rf1 f6 23. Rdf2 Nh3 24. Rh2 Nf4 25. c3 Nde6 26. Kc2 Rhg8 27. Bb3 a6 28. a4 Rg7 29. Rd2 Rxd2+ 30. Kxd2 Rg2+ 31. Rf2 Rg1 32. Rh2 Rb1 33. Kc2 Rf1 34. Bf2 Ra1 35. Bb6 Re1 36. Rd2 Nxh5 37. Bd5 Nhf4 38. Bxb7 h5 39. Bxa6 h4 40. Bc8 h3 41. Rd7+ Kf8 42. Rh7 Ng5 43. Rh4 Nxf3 44. Rxh3 Nxh3 45. Bxh3 Rxe4 46. a5 Re2+ 47. Kb3 Nd2+ 48. Kb4 Ne4 49. Ka3 Re1 50. Ka2 Re2 51. Ka3 Re1 52. Ka2 Re2 53. Kb3 Nd2+ 54. Kb4 Re4+ 55. Kb5 Nc4 56. Bc5+ Kg7 57. Bf5 Rh4 58. a6 Nxb2 59. a7 Rh8 60. Be4 Nd1 61. Kc4 f5 62. Bxf5 Nb2+ 63. Kb3 1-0

[Event "Serbia-ch"]
[Site "Vrnjacka Banja"]
[Date "2006.01.31"]
[Round "3"]
[White "Zivkovic, Momcilo"]
[Black "Jovanovic, Milos"]
[Result "1/2-1/2"]
[WhiteElo "2151"]
[BlackElo "2239"]
[PlyCount "76"]
[EventDate "2006.01.30"]
[EventType "swiss"]
[EventRounds "9"]
[EventCountry "YUG"]
[SourceTitle "CBM 110 Extra"]
[Source "ChessBase"]
[SourceDate "2006.03.10"]
[SourceVersion "2"]
[SourceVersionDate "2006.03.10"]
[SourceQuality "1"]

1. e4 c5 2. Nf3 Nf6 3. e5 Nd5 4. Nc3 e6 5. Nxd5 exd5 6. d4 Nc6 7. dxc5 Bxc5 8. Qxd5 Qb6 9. Bc4 Bxf2+ 10. Ke2 0-0 11. Rf1 Bc5 12. Ng5 Nd4+ 13. Kd1 Ne6 14. Ne4 d6 15. exd6 Rd8 16. Bd3 Bxd6 17. Qh5 f5 18. Nxd6 Qxd6 19. Qxf5 Qxh2 20. Qf7+ Kh8 21. Bg5 Rg8 22. Be7 Bd7 23. Kd2 Qh6+ 24. Kd1 Rae8 25. Bd6 Rd8 26. Be7 Be8 27. Qf3 Rd4 28. g4 Rxg4 29. c3 Rf4 30. Qg2 Rxf1+ 31. Bxf1 Bc6 32. Qe2 Qh1 33. Kc2 Be4+ 34. Kb3 Re8 35. Qd2 Bd5+ 36. Ka3 Qe4 37. Rd1 Bc6 38. b3 Nf4 1/2-1/2

[Event "Pancevo"]
[Site "Pancevo"]
[Date "1985.??.??"]
[Round "3"]
[White "Haik, Aldo"]
[Black "Jovanovic, Milos"]
[Result "1-0"]
[WhiteElo "2455"]
[BlackElo "2320"]
[PlyCount "65"]
[EventDate "1985.??.??"]
[EventType "tourn"]
[EventRounds "13"]
[EventCountry "YUG"]
[EventCategory "7"]
[SourceTitle "EXT 2001"]
[Source "ChessBase"]
[SourceDate "2000.11.22"]
[SourceVersion "1"]
[SourceVersionDate "2000.11.22"]
[SourceQuality "1"]

1. Nf3 Nf6 2. g3 g6 3. c4 Bg7 4. Nc3 0-0 5. Bg2 c5 6. d4 cxd4 7. Nxd4 Nc6 8. 0-0 Nxd4 9. Qxd4 d6 10. Bg5 Be6 11. Qd3 Rc8 12. b3 Qa5 13. Bd2 Qh5 14. Qf3 Qxf3 15. Bxf3 b6 16. Rac1 Rfd8 17. Rfd1 h5 18. Bg5 Kf8 19. Bb7 Rc7 20. Bg2 Rdc8 21. Nb5 Rd7 22. Nd4 d5 23. e4 Nh7 24. cxd5 Rxc1 25. Bxc1 Bxd4 26. Rxd4 Rd8 27. Ra4 Bd7 28. Rxa7 Rc8 29. Be3 Ke8 30. e5 Bf5 31. h3 Nf8 32. Bf1 Bd7 33. a4 1-0